000 00546nam a2200205Ia 4500
003 OSt
005 20220928151759.0
006 a|||||r|||| 00| 0
007 ta
008 220927b |||||||| |||| 00| 0 eng d
024 _a131457
037 _cTextual
040 _aSDCL
_cSDCL
_beng
041 _2eng
_aeng
100 _aZide Arlene R K
_9518267
245 0 _aSoviet decipherment of the Indus valley script.
700 _a Zvelebil Kamil V
_9518268
942 _cTEXL
_2CC
999 _c853079
_d853079